Statistiken für Stadien der 2. Bundesliga 2022/23

Klicken Sie hier um das Quiz zu spielen!

Allgemein

  • Dieses Quiz wurde 97 mal gespielt
  • Das Durchschnittsergebnis liegt bei 7 aus 18

Antwortstatistiken

HintAntwort% Korrekt
Hamburger SVVolksparkstadion
88%
Hansa RostockOstseestadion
65%
1. FC KaiserslauternFritz Walter Stadion
55%
St. PauliMillerntor Stadion
55%
1.FC HeidenheimVoith Arena
50%
1.FC NürnbergMax Morlock Stadion
45%
Fortuna DüsseldorfMerkur Spiel Arena
45%
Eintracht BraunschweigEintracht Stadion
44%
Holstein KielHolstein Stadion
37%
Arminia BielefeldSchüco Arena
37%
Jahn RegensburgJahnstadion
33%
Darmstadt 98Merck Stadion am Böllenfalltor
31%
SC PaderbornHome Deluxe Arena
26%
1. FC MagdeburgMDCC Arena
21%
Greuther FürthSportpark Ronhof
17%
Karlsruher SCBBBank Wildpark
15%
SV SandhausenBWT Stadion am Hardtwald
4%
Hannover 96Hein von Heiden Arena
2%

Verteilung der Resultate

Perzentil nach korrekt beantworteten Fragen

Anzahl Personen mit jedem Resultat

Ihre Resultats-Entwicklung

Sie haben dieses Quiz noch nicht gespielt